Európske zoskupenie hospodárskych záujmov - forma splupráce a koordinácie spoločného podnikania malých a stredných podnikov v Európskej únii

Medzinárodná spolupráca podnikov v priestore Európskej únie je determinovaná motiváciou podnikov k spolupráci a podmienkami na trhu. Prijatie nariadenia o Európskom zoskupení hospodárskych záujmov (EZHZ).

Salvato in:
Dettagli Bibliografici
Autore principale: Sabo, Mikuláš
Altri autori: Buzinkayová, Mária
Natura: Capitolo di libro
Lingua:slovacco
Soggetti:
Tags: Aggiungi Tag
Nessun Tag, puoi essere il primo ad aggiungerne!!

MARC

LEADER 00000nla$a2200000$$$4500
001 0146239
005 20240521105602.8
041 0 |a slo 
044 |a SK 
245 1 0 |a Európske zoskupenie hospodárskych záujmov - forma splupráce a koordinácie spoločného podnikania malých a stredných podnikov v Európskej únii  |c Mikuláš Sabo, Mária Buzinkayová 
520 |a Medzinárodná spolupráca podnikov v priestore Európskej únie je determinovaná motiváciou podnikov k spolupráci a podmienkami na trhu. Prijatie nariadenia o Európskom zoskupení hospodárskych záujmov (EZHZ). 
610 2 0 |a Európska únia 
610 2 0 |a podnikanie medzinárodné 
610 2 0 |a kooperácia 
610 2 0 |a prostredie podnikateľské 
610 2 0 |a spolupráca medzinárodná 
100 1 |a Sabo, Mikuláš 
700 1 |a Buzinkayová, Mária